| 000 | 00691nam a22001817a 4500 | ||
|---|---|---|---|
| 005 | 20180702171102.0 | ||
| 010 | _a1718EN-30 | ||
| 020 |
_a9788129142115 _c595.00 |
||
| 037 |
_bPansy Books _adpl |
||
| 082 | _a338.092 | ||
| 100 | _aSomany, R.K. | ||
| 245 |
_aBringing the rainbow : _cby R.K. Somany _bthe hindware story / |
||
| 260 |
_aNew Delhi _bRupa Pub. _c2016 |
||
| 270 |
_a7/16, Ansari Road, Daryaganj, _bNew Delhi _e110002 |
||
| 300 | v |
_axii,201p. _c23cm(Hb) |
|
| 942 |
_2ddc _cEN _mSOM _h338.092 |
||
| 999 |
_c145880 _d145880 |
||